Methods for General and Molecular (Record no. 1210249)

MARC details
000 -LEADER
fixed length control field 00389nam a2200157Ia 4500
008 - FIXED-LENGTH DATA ELEMENTS--GENERAL INFORMATION
fixed length control field 250602s2007 xx 000 0 und d
020 ## - INTERNATIONAL STANDARD BOOK NUMBER
International Standard Book Number 978-1-55581-223-2
041 ## - LANGUAGE CODE
Language code of text/sound track or separate title eng
082 ## - DEWEY DECIMAL CLASSIFICATION NUMBER
Classification number 616.9/RED
100 ## - MAIN ENTRY--PERSONAL NAME
Personal name Reddy, C A
245 ## - TITLE STATEMENT
Title Methods for General and Molecular
250 ## - EDITION STATEMENT
Edition statement 3 Ed.
260 ## - PUBLICATION, DISTRIBUTION, ETC.
Place of publication, distribution, etc. Washington
Name of publisher, distributor, etc. ASM Press
Date of publication, distribution, etc. 2007
300 ## - PHYSICAL DESCRIPTION
Extent 1069p
906 ## - LOCAL DATA ELEMENT F, LDF (RLIN)
a MEDICAL SCIENCE
Holdings
Withdrawn status Lost status Damaged status Not for loan Home library Current library Date acquired Source of acquisition Total Checkouts Full call number Barcode Date last seen Price effective from Koha item type
        Dr.Patangrao Kadam Mahavidyalaya, Sangli Dr.Patangrao Kadam Mahavidyalaya, Sangli 19/05/2025 Bharati Madyavarti Sahakari Grahak Bhandar, Pune (Best Book Supllier, Kolhapur)   616.9/RED PKS-M-454 02/06/2025 02/06/2025 Book